Drapeaux de pays soumis à la gravité #2 - Statistiques

Statistiques générales
  • Ce quiz a été pris 14 714 fois
  • Le résultat moyen est 13 sur 16
Statistiques - réponses
Par images Réponse % Correct
Turquie
98%
Australie
96%
Corée du Nord
92%
Kosovo
92%
Panama
92%
Angola
91%
Bosnie-Herzégovine
87%
Barbade
80%
Taïwan
79%
Fidji
76%
Turkménistan
74%
Libye
72%
Lesotho
71%
Belize
66%
Nauru
63%
Îles Salomon
49%
Aucun quiz correspondant
Distribution des résultats
% des personnes avec chaque résultat
Percentile par nombre de réponses
Votre historique - résultats
Vous n’avez pas pris ce quiz